Conflictos socio ambientales y recurso hidrico: (Registro nro. 17473)

Detalles MARC
000 -CABECERA
Campo de control 01149nam a2200265 a 4500
005 - FECHA Y HORA DE LA ULTIMA TRANSACCION
Campo de control 20150624151530.0
008 - ELEMENTOS DE LONGITUD FIJA—INFORMACION GENERAL
Campo de control 110318q2009 ck a gr 000 0 spa d
015 ## - NATIONAL BIBLIOGRAPHY NUMBER
National bibliography number ck-2007-xxxx
020 ## - ISBN
ISBN 9789587162707
040 ## - FUENTE DE CATALOGACIÓN
Agencia catalogadora original CO-BoBLA
Agencia transcriptora CO-BoBLA
041 0# - IDIOMA
Código de idioma para texto/pista de sonido o título separado Español
043 ## - GEOGRAPHIC AREA CODE
Geographic area code s-ck---
082 04 - NUMERO DE CLASIFICACION DECIMAL DEWEY
Número de clasificación 333.91
Número del ítem M46c
245 00 - MENCION DE TITULO
Título Conflictos socio ambientales y recurso hidrico:
Parte restante del título una aproximación para su identificación y analisis /
Mención de responsabilidad Diana Lucia Maya Velez ... [et al.].
260 ## - PUBLICACION, DISTRIBUCION, ETC. (PIE DE IMPRENTA)
Lugar de publicación, distribución, etc. Bogota :
Nombre del editor, distribuidor, etc. Pontificia Universidad Javeriana. Ministerio de Ambiente, Vivienda y Desarrollo Territorial :
-- Banco Mundial :
-- GTZ,
Fecha de publicación, distribución, etc. [2009?].
300 ## - DESCRIPCION FISICA
Extensión 187 p. :
Otros detalles físicos il. ; 24 cm.
650 #4 - ASIENTO SECUNDARIO DE MATERIA - TERMINO TEMATICO
Término temático o nombre geográfico como elemento de entrada Recursos hidricos
Subdivisión general Aspectos sociales
Subdivisión geográfica Colombia.
650 #4 - ASIENTO SECUNDARIO DE MATERIA - TERMINO TEMATICO
Término temático o nombre geográfico como elemento de entrada Gestión ambiental
Subdivisión geográfica Colombia.
650 ## - ASIENTO SECUNDARIO DE MATERIA - TERMINO TEMATICO
Término temático o nombre geográfico como elemento de entrada Sociolog�ia rural
Subdivisión geográfica Colombia.
650 #4 - ASIENTO SECUNDARIO DE MATERIA - TERMINO TEMATICO
Término temático o nombre geográfico como elemento de entrada Medio ambiente
Subdivisión general Aspectos sociales
Subdivisión geográfica Colombia.
700 1# - ASIENTO SECUNDARIO - NOMBRE PERSONAL
Nombre personal Maya Velez, Diana Lucia.
710 2# - ASIENTO SECUNDARIO - NOMBRE CORPORATIVO
Nombre corporativo o de jurisdicción como elemento de entrada Pontificia Universidad Javeriana :
Lugar de la reunión (Bogota).
Unidad subordinada Facultad de Estudios Ambientales y Rurales para el Desarrollo.
942 ## - ELEMENTOS ADICIONALES (KOHA)
Sistema de clasificación Dewey Decimal Classification
Tipo de ítem Libro
949 ## - LOCAL PROCESSING INFORMATION (OCLC)
a c
b c

No hay ítems disponibles.